Canadian Premier League 2025 - Statistics

General Stats
  • This quiz has been taken 3 times
  • The average score is 34 of 88
Answer Stats
Club Position Nationality Player % Correct
Atlético Ottawa FW Samuel Salter
100%
Forge FC CB Alexander Achinioti-Jönsson
67%
Atlético Ottawa AM Ballou Tabla
67%
Forge FC FW David Choinière
67%
Vancouver FC CB David Norman Jr.
67%
Atlético Ottawa AM Kévin Santos
67%
Forge FC CM Kyle Bekker
67%
Forge FC FW Molham Babouli
67%
Atlético Ottawa GK Nathan Ingham
67%
Valour FC DM Safwane Mlah
67%
Cavalry FC AM Sergio Camargo
67%
HFX Wanderers CB Thomas Meilleur-Giguère
67%
HFX Wanderers CB Adam Pearlman
33%
York United FW Adonijah Reid
33%
Atlético Ottawa DM Alberto Zapater
33%
Vancouver FC AM Alejandro Díaz Liceága
33%
Forge FC CM Alessandro Hojabrpour
33%
Cavalry FC AM Ali Musse
33%
Vancouver FC LB Allan Enyou
33%
Cavalry FC LB Bradley Kamdem
33%
Atlético Ottawa LB Brett Levis
33%
Forge FC FW Brian Wright
33%
Vancouver FC GK Callum Irving
33%
Cavalry FC CB Callum Montgomery
33%
Pacific FC LB Christian Greco-Taylor
33%
Forge FC CB Daniel Nimick
33%
Pacific FC FW Dario Zanatta
33%
Atlético Ottawa AM David Rodriguez
33%
Vancouver FC AM Elage Bah
33%
York United CM Elijah Adekugbe
33%
Cavalry FC RB Fraser Aird
33%
York United FW Gabriel Bitar
33%
Valour FC CB Gianfranco Facchineri
33%
HFX Wanderers FW Giorgio Probo
33%
HFX Wanderers CM Isaiah Johnston
33%
York United GK Ivan Pavela
33%
HFX Wanderers FW Jason Bahamboula
33%
Forge FC GK Jassem Koleilat
33%
Cavalry FC AM Jay Herdman
33%
Valour FC GK Jonathan Viscosi
33%
Valour FC AM Jordan Faria
33%
Pacific FC FW Josh Heard
33%
Pacific FC CB Juan Quintana
33%
Pacific FC RB Kadin Chung
33%
HFX Wanderers CB Kareem Sow
33%
Valour FC AM Kian Williams
33%
Valour FC AM Kris Twardek
33%
Atlético Ottawa CB Loïc Cloutier
33%
HFX Wanderers RM Lorenzo Callegari
33%
Pacific FC CM Lukas Browning Lagerfeldt
33%
York United CB Luke Singh
33%
Pacific FC CM Marco Bustos
33%
Cavalry FC GK Marco Carducci
33%
Forge FC LB Marko Jevremovic
33%
York United FW Massimo Ferrin
33%
Vancouver FC CB Matteo Campagna
33%
Pacific FC GK Max Anchor
33%
York United RM Max Ferrari
33%
Vancouver FC DM Mehdi Essoussi
33%
Cavalry FC DM Niko Myroniuk
33%
Atlético Ottawa CB Noah Abatneh
33%
Forge FC CM Noah Jensen
33%
Atlético Ottawa DM Noah Verhoeven
33%
York United CB Nyal Higgins
33%
Vancouver FC RB Olakunle Dada-Luke
33%
York United CB Oswaldo León
33%
Pacific FC CB Pedro Machado
33%
Valour FC DM Raphael Ohin
33%
York United LM Riley Ferrazzo
33%
Valour FC RB Roberto Alarcón
33%
Valour FC CB Rocco Romeo
33%
Pacific FC FW Ronan Kratt
33%
HFX Wanderers FW Ryan Telfer
33%
HFX Wanderers CM Sean Rea
33%
Pacific FC CM Sean Young
33%
Valour FC FW Shaan Hundal
33%
Cavalry FC DM #N/B Shamit Shome
33%
York United CM Steffen Yeates
33%
Vancouver FC AM Taryck Tahid
33%
Vancouver FC FW Terran Campbell
33%
Valour FC LB Themi Antonoglou
33%
Cavalry FC FW Tobias Warschewski
33%
Cavalry FC CB Tom Field
33%
Atlético Ottawa RB Tyr Walker
33%
Vancouver FC DM Vasco Fry Conroy
33%
HFX Wanderers LM Wesley Timoteo
33%
HFX Wanderers GK Yuba-Rayane Yesli
33%
Forge FC RB Zayne Bruno
33%
No matching quizzes found
Score Distribution
Percent of People with Each Score
Percentile by Number Answered
Your Score History
You have not taken this quiz